Cross-border investment upswing (Record no. 75384)

MARC details
000 -LEADER
fixed length control field 01507cab a2200181 4500
001 - CONTROL NUMBER
control field L129998
008 - FIXED-LENGTH DATA ELEMENTS--GENERAL INFORMATION
fixed length control field 050613n2005 000 0 eng u
035 ## - SYSTEM CONTROL NUMBER
System control number (Sirsi) u129998
041 ## - LANGUAGE CODE
Language code of text/sound track or separate title eng
100 ## - MAIN ENTRY--PERSONAL NAME
Personal name Burke, Catherine
245 ## - TITLE STATEMENT
Title Cross-border investment upswing
260 ## - PUBLICATION, DISTRIBUTION, ETC.
Date of publication, distribution, etc. 2005
490 ## - SERIES STATEMENT
Series statement Property Forecast
Volume/sequential designation 8(5) May 2005, 2-4(3)
520 ## - SUMMARY, ETC.
Summary, etc. Examines why cross-border European property investment, hampered historically by structural differences between national markets, is now attracting increasing interest. Describes the steep rise in European all-property investment volumes, the strong appetite for indirect investment through pan-European funds and fund activity over the last six months in the Central Eastern Europe sector. Focuses on the European residential property sector as an alternative to the highly competitive European commercial property sector and looks at fund development. Reports that London and Paris remain investor favourites despite escalating capital flows towards Central and Eastern Europe and predicts that further residential investment in London will be led by Chinese and Indian investors. Concludes that a balancing act of east v west investment is on the menu. Tables cover new and closed pan-European funds. Figures detail a basic European fund structure for the UK and total European office investment transaction volumes.
590 ## - LOCAL NOTE (RLIN)
Local note IKA210605
690 ## - LOCAL SUBJECT ADDED ENTRY--TOPICAL TERM (OCLC, RLIN)
Topical term or geographic name as entry element PROPERTY-COMMERCIAL PROPERTY-COMMERCIAL PROPERTY FINANCE AND INVESTMENT
942 ## - ADDED ENTRY ELEMENTS (KOHA)
Suppress in OPAC 0
Holdings
Withdrawn status Lost status Source of classification or shelving scheme Damaged status Not for loan Home library Current library Shelving location Date acquired Total Checkouts Full call number Barcode Date last seen Copy number Price effective from Koha item type
    Dewey Decimal Classification     London London Journal article 13/06/2005   L129998 129998-1001 06/08/2019 1 06/08/2019 Journal article